Statistiques concernant Dictionnaire : Tous les mots commençant par Z

Cliquez ici pour prendre le quiz!

Statistiques générales

  • Ce quiz a été pris 211 fois
  • Le résultat moyen est 22 sur 153

Statistiques - réponses

Début du mot (indice)Mot% Correct
zZ
100%
zoZoo
84%
zeZèbre
82%
zeZen
70%
ziZizi
70%
zoZou
64%
zoZoologie
51%
ziZig
48%
zeZeste
45%
zoZozo
45%
zoZone
42%
zeZébu
39%
ziZinc
39%
zoZoom
38%
zoZoulou
36%
zuZut
36%
zeZébrer
35%
zeZéro
35%
ziZip
35%
zaZapper
34%
zoZoophile
34%
zeZèle
33%
zzZzzz
32%
zoZoomer
31%
zoZoologiste
30%
zoZoophilie
30%
ziZigzag
29%
zoZona
29%
zoZoner
29%
zoZozoter
29%
ziZipper
27%
zyZygoma
27%
zoZouave
26%
zyZygomatique
26%
zoZoologique
24%
zeZénith
22%
ziZircon
22%
zoZombie
22%
zoZouk
22%
ziZinzin
21%
zoZob
21%
zeZée
20%
zeZézette
20%
zaZappette
19%
ziZirconium
19%
zaZazou
17%
zeZébrure
17%
zaZarbi
16%
ziZigzaguer
16%
zuZumba
16%
zaZanzi
15%
zeZéphyr
14%
ziZigounette
14%
ziZizanie
14%
zoZouker
14%
zaZapping
13%
zeZêta
13%
zoZodiaque
13%
zoZonage
13%
zoZonard
13%
ziZigoto
12%
zaZappeur
11%
ziZibeline
11%
zoZonal
11%
zeZeppelin
10%
zlZloty
10%
zoZozotement
10%
zoZodiac
9%
zoZoophobe
9%
zoZoophobie
9%
ziZigouiller
8%
ziZinguer
8%
zaZain
7%
zoZoroastrisme
7%
zaZabre
6%
zeZézayer
6%
ziZingueur
6%
ziZinnia
6%
zyZygote
6%
ziZieuter
5%
zoZorille
5%
zaZani
4%
zeZélateur
4%
zeZélote
4%
zeZététique
4%
zeZeugma
4%
ziZinzolin
4%
zoZodiacal
4%
zoZoologiquement
4%
zoZoonose
4%
ziZinzinuler
3%
ziZircone
3%
zoZoomorphe
3%
zoZoomorphisme
3%
zoZooplancton
3%
zoZoroastrien
3%
zoZoukeur
3%
zwZwanze
3%
zyZyklon
3%
zaZaouïa
2%
zaZarzuela
2%
zaZazen
2%
zeZézaiement
2%
ziZiggourat
2%
ziZigouigoui
2%
ziZigzagant
2%
zoZoreille
2%
zwZwanzer
2%
zyZythum
2%
zaZakouski
1%
zaZamak
1%
zaZamier
1%
zaZancle
1%
zaZapatéado
1%
zeZellige
1%
zeZénana
1%
zeZénithal
1%
zeZéphyrien
1%
zeZérotage
1%
zhZheng
1%
ziZingage
1%
ziZinjanthrope
1%
ziZinneke
1%
zoZoïle
1%
zoZonure
1%
zoZoogéographie
1%
zoZooglée
1%
zoZootechnie
1%
zoZootechnique
1%
zuZutique
1%
zwZwanzeur
1%
zwZwinglianisme
1%
zyZygopétale
1%
zyZymase
1%
zaZabuton
0%
zaZafu
0%
zaZarf
0%
zaZaydite
0%
zeZeuzère
0%
ziZidovudine
0%
ziZincifère
0%
ziZingaro
0%
zoZoécie
0%
zoZoochorie
0%
zoZoolâtre
0%
zoZoolâtrie
0%
zoZoopsie
0%
zoZootechnicien
0%
zoZostère
0%
zoZostérien
0%
zyZygène
0%
zyZygomorphe
0%
zyZygomycète
0%

Distribution des résultats

Percentile par nombre de réponses

% des personnes avec chaque résultat

Votre développement - résultats

Vous n’avez pas pris ce quiz